| 000 | 00657nam a2200217Ia 4500 | ||
|---|---|---|---|
| 003 | OSt | ||
| 005 | 20230518101435.0 | ||
| 008 | 210423s2014 xx 000 0 und d | ||
| 020 | _a978-0-415-89679-5 | ||
| 040 | _cAL | ||
| 041 | _aeng | ||
| 082 |
_a371.334 _223 _bSEOU |
||
| 100 |
_aSEO (Kay Kyeong Ju) _9107714 |
||
| 245 | _aUsing social media effectively in the class room: blogs wikis twitter and more | ||
| 260 |
_aNew York _bRoutledge _c2014 |
||
| 300 |
_axiv,224 _bPB |
||
| 365 |
_b495 _cINR |
||
| 650 |
_aEducation _9107715 |
||
| 906 | _ablogs ; class ; effectively ; media ; more ; room: ; social ; twitter ; Using ; wikis | ||
| 942 |
_2ddc _cBK |
||
| 999 |
_c166701 _d166701 |
||